Loading...
| Ancient History and Archaeology | 4 | 10.00 | 100% | 50% | 100% |
| Beliefs | 13 | 12.31 | 192% | 85% | 46% |
| British and Commonwealth History | 3 | 13.33 | 167% | 67% | 33% |
| Current Events | 4 | 17.50 | 200% | 150% | 100% |
| Fine Arts - Auditory | 5 | 14.00 | 160% | 80% | 120% |
| Fine Arts - Visual | 9 | 17.78 | 133% | 133% | 156% |
| Geography | 2 | 20.00 | 250% | 100% | 50% |
| History - American | 7 | 15.71 | 286% | 100% | 57% |
| History - European | 6 | 16.67 | 200% | 100% | 117% |
| History - World | 3 | 13.33 | 33% | 100% | 33% |
| Literature - American | 5 | 10.00 | 80% | 80% | 80% |
| Literature - British | 8 | 13.75 | 200% | 100% | 75% |
| Literature - European | 4 | 15.00 | 100% | 50% | 200% |
| Other Academic | 2 | 15.00 | 0% | 100% | 200% |
| Other Arts: Auditory | 2 | 10.00 | 400% | 0% | 0% |
| Other Arts: Visual | 4 | 12.50 | 200% | 50% | 75% |
| Other Science: Astronomy | 2 | 10.00 | 0% | 100% | 100% |
| Other Science: Computer Science | 1 | 10.00 | 0% | 200% | 0% |
| Other Science: Earth Science | 2 | 15.00 | 200% | 100% | 100% |
| Other Science: Math | 2 | 25.00 | 400% | 100% | 200% |
| Philosophy | 7 | 14.29 | 286% | 57% | 86% |
| Science - Biology | 6 | 16.67 | 200% | 133% | 100% |
| Science - Chemistry | 5 | 14.00 | 240% | 120% | 40% |
| Science - Physics | 7 | 15.71 | 57% | 114% | 157% |
| Social Science | 8 | 16.25 | 150% | 138% | 88% |
| World and Other Literature | 10 | 18.00 | 210% | 80% | 150% |